000
00218 a2200097 4500
001
47350
100
_a
Aitken A
245
_a
Gallipolis to the Somme
260
_a
London
_b
Oxford university
_c
090
_c
30385
_d
30385
942
_a
NUST-CAE
_c
M
_c
22653
999
_c
282423
_d
282423